| 000 | 00966nam a2200241 a 4500 | ||
|---|---|---|---|
| 001 | 39772 | ||
| 003 | BD-RjUL | ||
| 005 | 20211209053044.0 | ||
| 008 | 160418r20132000 ||||e |||| 001 0 d | ||
| 020 |
_a9789848815311 _c: TK.300.00 |
||
| 035 | _a(BD-RjUL)39885 | ||
| 040 |
_aBD-RjUL _bben _cBD-RjUL |
||
| 041 | _aben | ||
| 082 |
_223 _bKHP 2013 _a330 |
||
| 100 |
_aখান, আকবর আলি _9122533 |
||
| 245 | 1 | 0 |
_aপরার্থপরতার অর্থনীতি / _cআকবর আলি খান |
| 260 |
_aঢাকা : _bদি ইউনিভার্সিটি প্রেস লিমিটেড, _c২০০০ [মুদ্রণ ২০১৩] |
||
| 300 |
_axi, ২০৮ পৃ. ; _c২২ সেমি |
||
| 504 | _aনির্ঘণ্ট সংযুক্ত | ||
| 651 |
_aবাংলাদেশ _xঅর্থনৈতিক নীতি _9220599 |
||
| 651 |
_aBangladesh _xEconomic policy. _9220600 |
||
| 942 |
_2ddc _cBK |
||
| 999 |
_c39772 _d39772 |
||